Alle Minecraft Strukturen - Statistiken

Allgemein
  • Dieses Quiz wurde 1.765 mal gespielt
  • Das Durchschnittsergebnis liegt bei 11 aus 21
Antwortstatistiken
Antwort % Korrekt
Dorf
96%
Bastionsruine
77%
Festung
76%
Endsiedlung
70%
Waldanwesen
63%
Wüstentempel
63%
Netherfestung
56%
Portalruine
55%
Schiffswrack
55%
Dschungeltempel
53%
Plünderer-Außenposten
53%
Minenschacht
51%
Ozeanmonument
46%
Iglu
44%
Antike Stadt
40%
Wüstenbrunnen
39%
Hexenhütte
33%
Schatz
27%
Fossil
24%
Ozeanruinen
21%
Verlies
10%
Keine übereinstimmenden Quizze gefunden
Verteilung der Resultate
Anzahl Personen mit jedem Resultat
Perzentil nach korrekt beantworteten Fragen
Ihre Resultats-Entwicklung
Sie haben dieses Quiz noch nicht gespielt